De l'acharnement thérapeutique à l'euthanasie / (Record no. 1418)

000 -LEADER
fixed length control field 00771nam a2200277 a 4500
003 - CONTROL NUMBER IDENTIFIER
control field OSt
005 - DATE AND TIME OF LATEST TRANSACTION
control field 20210628062720.0
008 - FIXED-LENGTH DATA ELEMENTS--GENERAL INFORMATION
fixed length control field 900816s1983 fr b 000 0 fre
020 ## - INTERNATIONAL STANDARD BOOK NUMBER
International Standard Book Number 2221009215 :
040 ## - CATALOGING SOURCE
Transcribing agency DLC
050 00 - LIBRARY OF CONGRESS CALL NUMBER
Classification number R726
Item number .B76 1983
100 1# - MAIN ENTRY--PERSONAL NAME
Personal name Broussouloux, Claude.
245 10 - TITLE STATEMENT
Title De l'acharnement thérapeutique à l'euthanasie /
Statement of responsibility, etc. Claude Broussouloux.
260 ## - PUBLICATION, DISTRIBUTION, ETC.
Place of publication, distribution, etc. Paris :
Name of publisher, distributor, etc. R. Laffont,
Date of publication, distribution, etc. c1983.
300 ## - PHYSICAL DESCRIPTION
Extent 198, [7] p. ;
Dimensions 22 cm.
440 #0 - SERIES STATEMENT/ADDED ENTRY--TITLE
Title "Réponses/Santé"
504 ## - BIBLIOGRAPHY, ETC. NOTE
Bibliography, etc. note Bibliography: p. [199]
650 #0 - SUBJECT ADDED ENTRY--TOPICAL TERM
Topical term or geographic name entry element Euthanasia.
650 #0 - SUBJECT ADDED ENTRY--TOPICAL TERM
Topical term or geographic name entry element Medical ethics.
650 #0 - SUBJECT ADDED ENTRY--TOPICAL TERM
Topical term or geographic name entry element Medical care.
906 ## - LOCAL DATA ELEMENT F, LDF (RLIN)
a 7
b cbc
c orignew
d 4
e ncip
f 19
g y-gencatlg
942 ## - ADDED ENTRY ELEMENTS (KOHA)
Source of classification or shelving scheme
Koha item type Book
Suppress in OPAC DO
Holdings
Withdrawn status Lost status Source of classification or shelving scheme Damaged status Not for loan Permanent Location Current Location Shelving location Date acquired Total Checkouts Full call number Barcode Date last seen Price effective from Koha item type Public note Source of acquisition Copy number
          AU LIBRARY AU LIBRARY Open Shelf 28.06.2021   R726 .B76 1983 28002089 28.06.2021 28.06.2021 Book DO    
          AU LIBRARY AU LIBRARY Open Shelf 29.03.2022   R726 .B76 1983 C2 28007183 29.03.2022 29.03.2022 Book PW DONATION FROM MOI UNIVERSITY 2

Powered by Koha